000 00746nam0a22002531 4500
001 v19\rc\1857674
005 20260406191200.0
035 _a(NLR Aleph) 004951672
090 _a5889220
_c5889220
100 _a20080221d1909 u y0rusy50 ca
101 0 _arus
102 _aRU
105 _ay z |||||
200 1 _aУстав Общества эстляндских дворян
210 _aРевель
_d1909
215 _a15 с.
_d19
710 0 2 _aОбщество эстляндских дворян
_cРевель
_3RU\NLR\AUTH\889953265
_9402570
801 0 _aRU
_bNLR
_gpsbo
801 0 _aRU
_bRuMoRGB
_2psbo
801 1 _aRU
_bProSoft-M
_2rusmarc
852 _aNLR
_j37.29.10.152
899 _aRuMoRGB
_jV 74/1136
942 _cBOOK
980 _aNB